000 00382nam a2200157Ia 4500
008 191201s2003 xx 000 0 und d
082 _a510
_bVAE
100 _aVASISTHA, A R
245 0 _aEngineering Mathematics
250 _a2nd
260 _aN.Delhi
_bPragati Prakashan Meerut
_c2003
300 _amisc
650 _aApplied
700 _aGUPTA, Suresh Kumar
942 _2ddc
_cBK
999 _c1283
_d1283